[Event "TA Province-ch 08"]
[Site "Taranto"]
[Date "2007.12.16"]
[Round "2"]
[White "Pesce, Valter"]
[Black "Troso, Marco"]
[Result "1-0"]
[WhiteElo "1440"]
[BlackElo "1362"]
[PlyCount "73"]
[EventDate "2007.12.15"]
[EventType "swiss"]
[EventRounds "3"]
[EventCountry "ITA"]
[SourceTitle "EXT 2010"]
[Source "ChessBase"]
[SourceDate "2010.11.25"]
[SourceVersion "1"]
[SourceVersionDate "2010.11.25"]
[SourceQuality "1"]

1. e4 e5 2. Nf3 Nc6 3. Bb5 a6 4. Bxc6 dxc6 5. Nxe5 Bd6 6. Nf3 Nf6 7. Nc3 Bg4 8. 0-0 0-0 9. h3 Bh5 10. g4 Bg6 11. e5 Re8 12. exd6 cxd6 13. d4 c5 14. Re1 cxd4 15. Nxd4 Qb6 16. Rxe8+ Rxe8 17. Nce2 Nd5 18. c3 h6 19. Qb3 Qxb3 20. axb3 Bd3 21. Nf4 Nxf4 22. Bxf4 d5 23. Rd1 Bg6 24. Bg3 Re4 25. Nf3 h5 26. gxh5 Bxh5 27. Kg2 a5 28. Rxd5 g6 29. Rxa5 Re2 30. Ng5 Kg7 31. Be5+ f6 32. Bd4 Rxb2 33. Rb5 b6 34. Rxb6 Kh6 35. Bxf6 Be2 36. Rb7 Ba6 37. Rh7# 1-0

[Event "TA Province-ch 08"]
[Site "Taranto"]
[Date "2007.12.15"]
[Round "1"]
[White "Albano, Vito"]
[Black "Pesce, Valter"]
[Result "1/2-1/2"]
[WhiteElo "1700"]
[BlackElo "1440"]
[PlyCount "106"]
[EventDate "2007.12.15"]
[EventType "swiss"]
[EventRounds "3"]
[EventCountry "ITA"]
[SourceTitle "EXT 2010"]
[Source "ChessBase"]
[SourceDate "2010.11.25"]
[SourceVersion "1"]
[SourceVersionDate "2010.11.25"]
[SourceQuality "1"]

1. d4 d5 2. e3 Nf6 3. Nf3 Nc6 4. Bd3 e6 5. 0-0 Bd6 6. Bd2 0-0 7. c4 b6 8. Qc2 Bb7 9. a3 Re8 10. Nc3 a6 11. Rfe1 Na5 12. cxd5 exd5 13. Rac1 Nc6 14. b4 Na7 15. Qb2 c6 16. Qb1 h6 17. Bf5 Bc8 18. Na4 Bxf5 19. Qxf5 Ne4 20. Re2 g6 21. Qh3 Kg7 22. Nc3 Qc8 23. Qxc8 Raxc8 24. Nxe4 dxe4 25. Ne1 Nb5 26. Nc2 c5 27. a4 Nc7 28. bxc5 bxc5 29. dxc5 Bxc5 30. Nb4 Bxb4 31. Bxb4 Nd5 32. Bc5 Kh7 33. Rec2 f5 34. g3 g5 35. Bd4 Rxc2 36. Rxc2 Kg6 37. Rc6+ Kh7 38. Rxa6 f4 39. Ra7+ Kg6 40. g4 h5 41. Ra6+ Kh7 42. gxh5 Nb4 43. Rb6 Nd5 44. Rd6 Nb4 45. a5 Ra8 46. exf4 gxf4 47. Re6 e3 48. fxe3 fxe3 49. Bxe3 Rxa5 50. Rh6+ Kg7 51. Bf4 Rf5 52. Rg6+ Kf7 53. Rg4 Rxh5 1/2-1/2